ŽBK Whirlpool dôležitý zápas s B. Bystricou vyhral, ale...

Bibliographic Details
Format: Article
Language:Slovak
Subjects:

MARC

LEADER 00000nab a2200000 ar4500
001 vtls009297586
003 SK-MaSNL
005 20260303051653.0
008 171109c2008 xo cr|p|||||||000 b|slo
038 |a PPPK 
040 |a PPPKCL  |b slo  |c PPPK  |e AACR2 
041 0 |a slo 
044 |a xo  |c SK 
080 |a 796.323.2.093.1-055.2  |x (437.6)  |2 2001 
245 0 0 |a ŽBK Whirlpool dôležitý zápas s B. Bystricou vyhral, ale...  |c [autor] (ttk) 
610 2 7 |a Ženský basketbalový klub Whirlpool Poprad  |2 pppkcl  |9 1033690 
650 0 7 |a šport  |2 snkbucl  |9 1042 
650 0 7 |a basketbal  |2 pppkcl  |9 3290 
650 0 7 |a extraliga  |2 pppkcl  |9 18992 
650 0 7 |a ženy  |2 pppkcl  |9 4865 
650 0 7 |a sezóna 2007/2008  |2 pppkcl  |9 1040428 
651 7 |a Poprad (Slovensko)  |2 pppkcl  |9 20155 
773 0 |t Poprad : noviny občanov mesta  |g Roč. XIX, č. 11 (2008), s. 4 
852 |a PPPK  |b KIS3GCP 
999 |c 1712321  |d 1714251